000 00692 a2200217 4500
010 _aENG-88980
020 _c500.00
_a8181573900
035 _aEN-72513
037 _bDBAD / PUB
082 1 4 _a*
090 _c9800
_d9800
100 _aGairola, M.P.
245 1 0 _aSpiritual communism /
_cby M.P. Gairola
260 _aCalcutta
_bWriters Workshop
_c2005
270 _a162/92, Lake Gardens,
_bCalcutta
_e700 045
300 _a324p.
_c22 cm ( Hb)
490 _aWriters workshop greybird book
500 _aIncludes bibliographical references and index
942 _adpl
_cEN
_k* / GAI
999 _c9621
_d9621